000 00780nam a22001697a 4500
003 OSt
005 20250619102919.0
008 230518s1975 |||||||| |||| 00| f eng d
020 _a0553024949
040 _aCO-JMCR
_bspa
_cCO-JMCR
041 0 _aeng
082 _aA-N
_bLESm
100 _aLessing, Doris /
_eautora
_942737
245 1 4 _aThe memoirs of a survivor /
_cDoris Lessing
520 _aThis is the bizarre journal of a woman. The time is the Furute. The setting, Modern Society, a nightmare of fouled-up telephones and broken-down buses, of scarce water, polluted air and adolescent gangs scavenging in deserted streets. The woman, guardian of a twelve-year-old child, is making her escape from the world of reality into the world of an imaginary past.
942 _2ddc
_cBK
999 _c30031
_d16415